000 00438nam a2200169 i 4500
001 bg
100 1 _aPLEGEMAN, Wolf.
245 0 _aDie Grundung von Bauwerken.
_nT.2 /
_cvon Wolf Plegemann, Wolfgang Langner.
246 _aGrundung von Bauwerken
260 _aBerlin :
_bBSB,
_c1973.
700 1 _aLANGNER, Wolfgang.
040 _cBPK
041 _apol
080 _a624.1
942 _cKS
008 s pl f |000 0 pol
999 _c19663
_d19663
856 _uhttp://koha.tu.koszalin.pl/cgi-bin/koha/opac-detail.pl?biblionumber=19663
_yKatalog online BPK